| 000 | nam a22 7a 4500 | ||
|---|---|---|---|
| 999 |
_c150589 _d150587 |
||
| 005 | 20190822125050.0 | ||
| 008 | 190822b mx ||||| |||| 00| 0 spa d | ||
| 050 | 0 | 4 |
_aKGF2653.5.A86 _bA76 1980 |
| 100 | 1 | _aArroyo Soto, Augusto | |
| 245 | 1 | 3 |
_aEl secreto profesional del abogado y del notario _c/ Augusto Arrroyo Soto; presentación Mariano Azuela R. |
| 250 | _a1a ed. | ||
| 260 |
_aMéxico : _bUniversidad Nacional Autónoma de México, _c1980 |
||
| 300 |
_a407 p. ; _c23 cm. |
||
| 490 | 0 |
_aInstituto de Investigaciones Jurídicas; G: Estudios doctrinales _vno. 39 |
|
| 500 | _aIncluye índice | ||
| 650 | 7 |
_2lemb _aComunicaciones confidenciales _xAbogados |
|
| 650 | 7 |
_aComunicaciones confidenciales _xNotarios |
|
| 700 | 1 |
_aAzuela R., Mariano, _ePresentación |
|
| 942 |
_2lcc _cLIB |
||